[Event "MESRRK"]
[Site "?"]
[Date "2018.05.27"]
[Round "7.26"]
[White "Micova, Barbora"]
[Black "Buchtova, Viktorie"]
[Result "0-1"]
[BlackElo "1015"]
[WhiteElo "1082"]
[LiveChessVersion "1.4.8"]

1. e4 {[%clk 0:20:18]} e5 {[%clk 0:20:19]} 2. Nf3 {[%clk 0:20:25]} Nc6
{[%clk 0:20:27]} 3. Nc3 {[%clk 0:20:33]} Nf6 {[%clk 0:20:35]} 4. Bb5
{[%clk 0:20:40]} Bb4 {[%clk 0:20:42]} 5. d3 {[%clk 0:20:48]} O-O {[%clk 0:20:45]}
6. O-O {[%clk 0:20:54]} d6 {[%clk 0:20:53]} 7. Bg5 {[%clk 0:21:00]} Bxc3
{[%clk 0:21:01]} 8. bxc3 {[%clk 0:21:06]} Bg4 {[%clk 0:21:08]} 9. h3
{[%clk 0:21:12]} Bh5 {[%clk 0:21:16]} 10. Rb1 {[%clk 0:21:19]} d5
{[%clk 0:21:23]} 11. exd5 {[%clk 0:21:22]} Qxd5 {[%clk 0:21:23]} 12. Bxf6
{[%clk 0:21:26]} gxf6 {[%clk 0:21:31]} 13. Bc4 {[%clk 0:21:33]} Qd6
{[%clk 0:21:23]} 14. Re1 {[%clk 0:21:34]} Kh8 {[%clk 0:21:20]} 15. Re3
{[%clk 0:21:01]} Rg8 {[%clk 0:21:01]} 16. Qd2 {[%clk 0:20:36]} e4
{[%clk 0:19:10]} 17. dxe4 {[%clk 0:20:29]} Bxf3 {[%clk 0:18:54]} 18. Qxd6
{[%clk 0:20:36]} Rxg2+ {[%clk 0:18:38]} 19. Kf1 {[%clk 0:20:41]} cxd6
{[%clk 0:18:38]} 20. Rxf3 {[%clk 0:20:20]} Rag8 {[%clk 0:18:38]} 21. Ke2
{[%clk 0:19:51]} Ne5 {[%clk 0:18:07]} 22. Rxf6 {[%clk 0:19:38]} Nxc4
{[%clk 0:17:59]} 23. Rxf7 {[%clk 0:19:39]} Rh2 {[%clk 0:17:08]} 24. Rbxb7
{[%clk 0:19:36]} Rxh3 {[%clk 0:16:53]} 25. Rfc7 {[%clk 0:19:15]} Ne5
{[%clk 0:16:39]} 26. Re7 {[%clk 0:19:00]} Rd8 {[%clk 0:16:00]} 27. f4
{[%clk 0:17:52]} Ng6 {[%clk 0:15:21]} 28. Rf7 {[%clk 0:17:42]} Rh2+
{[%clk 0:14:23]} 29. Ke3 {[%clk 0:17:48]} Re8 {[%clk 0:13:42]} 30. Rxa7
{[%clk 0:17:42]} d5 {[%clk 0:13:31]} 31. Rab7 {[%clk 0:17:30]} Rxe4+
{[%clk 0:12:53]} 32. Kd3 {[%clk 0:17:38]} Nxf4+ {[%clk 0:12:43]} 33. Rxf4
{[%clk 0:17:39]} Rxf4 {[%clk 0:12:49]} 34. Rb8+ {[%clk 0:17:45]} Kg7
{[%clk 0:12:55]} 35. Rb7+ {[%clk 0:17:54]} Rf7 {[%clk 0:13:02]} 36. Rb6
{[%clk 0:17:59]} Rf4 {[%clk 0:12:54]} 37. Rb7+ {[%clk 0:18:03]} Kf6
{[%clk 0:12:58]} 38. Rb6+ {[%clk 0:18:12]} Ke5 {[%clk 0:13:05]} 39. Rb5
{[%clk 0:18:13]} Rh3+ {[%clk 0:13:09]} 40. Kd2 {[%clk 0:18:21]} Rf2+
{[%clk 0:13:17]} 41. Kc1 {[%clk 0:18:30]} Rxc3 {[%clk 0:13:18]} 42. Rb2
{[%clk 0:18:35]} h5 {[%clk 0:13:24]} 43. a4 {[%clk 0:18:43]} h4 {[%clk 0:13:32]}
44. a5 {[%clk 0:18:53]} h3 {[%clk 0:13:40]} 45. a6 {[%clk 0:19:02]} h2
{[%clk 0:13:49]} 46. Kb1 {[%clk 0:19:09]} h1=Q+ {[%clk 0:13:53]} 47. Ka2
{[%clk 0:19:17]} Rfxc2 {[%clk 0:13:57]} 48. a7 {[%clk 0:19:21]} Ra3+
{[%clk 0:13:49]} 49. Kxa3 {[%clk 0:19:28]} Qa1+ {[%clk 0:13:57]} 50. Ra2
{[%clk 0:19:36]} Qxa2+ {[%clk 0:14:04]} 51. Kb4 {[%clk 0:19:44]} Qc4+
{[%clk 0:14:09]} 52. Ka3 {[%clk 0:19:52]} Rc3+ {[%clk 0:14:13]} 53. Kb2
{[%clk 0:19:59]} Qb4+ {[%clk 0:14:22]} 54. Ka2 {[%clk 0:20:06]} Ra3# 0-1